000 00600nam a2200169Ia 4500
005 20250923145140.0
008 008 250917s9999 xx 000 0 eng d
037 _aTextual
040 _aDSWL
_beng
_cDSWL
041 _aeng
_2eng
084 _aX62:99P,7D.251'N68, N69
_qDSWL
100 _aNautiyal, S.C.
_9832260
245 0 _aTrade unionism among white collared employees (Study of Banks in Delhi)
_cby S.C. Nautiyal
260 _aDelhi
_b School of Social Work,3, University Road, -7
_c1969
942 _cTEXL
_hX62:99P,7D.251'N68, N69
999 _c1447756
_d1447756